• 首页
  • 本馆介绍
  • 公告通知
  • 最新文献
  • 馆藏检索
  • 电子资源
  • 读者导购
  • 参考咨询
  • 我的图书馆
  • 登录
  • 详细信息显示
  • 放入我的书架
  • 预约/预借图书
  • 作者相关作品
  • 分类相关作品
  • 丛书相关作品
  • 出版社相关作品

书目信息

  • 表格格式
  • 工作单格式
  • 卡片格式
题名:
数字PCR
    
 
作者: 彭年才 主编
分册:  
出版信息: 北京   科学出版社  2017
页数: 189页
开本: 27cm
丛书名:
单 册:
中图分类: Q555
科图分类:
主题词: 聚合酶链式反应--Ju He Mei Lian Shi Fan Ying
电子资源:
ISBN: 978-7-03-052065-4
000 01127cam0 2200277 450
001 012001002007
005 20140109145513.0
010    @a978-7-03-052065-4@b精装@dCNY88.00
099    @aCAL 012017076853
100    @a20170512d2017 em y0chiy50 ea
101 0  @achi
102    @aCN@b110000
105    @aak a 000yy
106    @ar
200 1  @a数字PCR@AShu Zi PCR@e原理、技术及应用@d= Digital PCR@etheory, technology & application@f主编彭年才@zeng
210    @a北京@c科学出版社@d2017
215    @a189页@c彩图@d27cm
320    @a有书目
330    @a数字PCR以聚合酶链式反应的理论和技术体系为基础,结合现代微机电和光学检测技术,实现单分子水平的核酸精确定量检测。本书重点介绍了数字PCR的原理和技术特征、仪器系统、实验设计、数据处理和典型应用及最新科研进展。拓展介绍了一些实验细节、微流控工程知识。
510 1  @aDigital PCR@etheory, technology & application@zeng
517 1  @a原理、技术及应用@Ayuan li 、 ji shu ji ying yong
606 0  @a聚合酶链式反应@AJu He Mei Lian Shi Fan Ying
690    @aQ555@v5
701  0 @a彭年才@APeng Nian Cai@4主编
801  0 @aCN@b北京卓展@c20191020
905    @b1202963-5@dQ555@e276@f3
    
    数字PCR:原理、技术及应用= Digital PCR:theory, technology & application/主编彭年才.-北京:科学出版社,2017
    189页:彩图;27cm
    
    
    ISBN 978-7-03-052065-4(精装):CNY88.00
    数字PCR以聚合酶链式反应的理论和技术体系为基础,结合现代微机电和光学检测技术,实现单分子水平的核酸精确定量检测。本书重点介绍了数字PCR的原理和技术特征、仪器系统、实验设计、数据处理和典型应用及最新科研进展。拓展介绍了一些实验细节、微流控工程知识。
●
相关链接 在E读中查询图书 在五车中查询图书 在当当中查询图书 在豆瓣中查询图书


正题名:数字PCR     索取号:Q555/276         预约/预借

序号 登录号 条形码 馆藏地/架位号 状态 备注
1 1202963   212029632   第二样本阅览室/ [索取号:Q555/276] 在馆    
2 1202964   212029641   第三借阅区/ [索取号:Q555/276] 在馆    
3 1202965   212029650   第三借阅区/ [索取号:Q555/276] 在馆    
唐山师范学院图书馆 欢迎您!
大连网信软件有限公司© 版权所有